| 000 | 00915nam a2200229 i 4500 | ||
|---|---|---|---|
| 001 | 188213 | ||
| 003 | ES-MaACL | ||
| 005 | 20230906223138.0 | ||
| 008 | 180622s1932 fr |||| |bfre d | ||
| 100 | 1 |
_aSuarez, Georges. _9165030 |
|
| 245 | 1 | 0 |
_aClemenceau. _n[1] _b: dans la mêlée / _cGeorges Suarez. |
| 246 | 3 | 0 |
_iPrecede al tít. _aSoixante années d'historie française |
| 250 | _aNouvelle éd. de "La vie orgueilleuse de Clemenceau" rev., corr. et augmentée. | ||
| 260 |
_aParis : _bJules Tallandier, _c1932. |
||
| 300 |
_a1 v. (271 p.) ; _c19 cm. |
||
| 500 | _aÍndice onomástico. | ||
| 504 | _aBibliografía: p. [9]-13. | ||
| 505 | 8 |
_av. 1 de ; _tSoixante années d'historie française |
|
| 600 | 1 | 4 |
_aClemenceau, Georges. _939169 |
| 651 | 4 |
_aFrancia- _xPolítica y gobierno- _y1870-1940. _9162878 |
|
| 852 |
_aES-MaACL _jL-32072 _z. - Donat. herederos de la bibl. de Mª del Pilar Costa Palacín |
||
| 999 |
_c188213 _d188213 |
||